Meme Songs by Lyrics!!! - Statistics

General Stats
  • This quiz has been taken 91 times
  • The average score is 5 of 12
Answer Stats
Lyric Year Song % Correct
You Know the Rules, and so do I 1987 Never Gonna Give You Up
72%
The Cold Never Bothered Me Anyways 2013 Let it Go
69%
I Bless the Rains Down in - 1982 Africa
68%
Eh Sexy Lady! 2012 Gangnam Style
65%
Hello Darkness My Old Friend 1964 Sound of Silence
59%
I First I Was Afraid, I Was Petrified 1979 I Will Survive
52%
I ------- I Can Touch the Sky 1996 I Believe I Can Fly
51%
Daddy/ Grandma/ Mommy/ Grandpa ----- 2015 Baby Shark
43%
I'll be Gone in a Day or Two 1985 Take on Me
27%
And I Need You, And I Miss You, And Now I Wonder 2002 A Thousand Miles
15%
I've Got to Move on and be Who I Am 2007 Gotta Go My Own Way
9%
Put Your Hands Up, and Worries Down, It's All Gonna be Okay 2009 Party in the U.S.A.
7%
No matching quizzes found
Score Distribution
Percent of People with Each Score
Percentile by Number Answered
Your Score History
You have not taken this quiz